000 01420cam a2200337 a 4500
001 17495091
003 ARRUPE
005 20131219132529.0
008 121015s2012 enk b 001 0 eng d
010 _a 2012454634
020 _a9781844679942
020 _a1844679942
035 _a(OCoLC)ocn783161093
040 _aBTCTA
_beng
_cBTCTA
_dBDX
_dCTW
_dTJC
_dYDXCP
_dDLC
042 _alccopycat
050 0 0 _aGN269
_b.F52 2012
100 1 _aFields, Karen E.
_q(Karen Elise),
_d1945-
_95997
245 1 0 _aRacecraft :
_bthe Soul of Inequality in American Life /
_cKaren E. Fields and Barbara J. Fields.
260 _aLondon ;
_aNew York :
_bVerso,
_c2012.
300 _a302 p. ;
_c22 cm.
504 _aIncludes bibliographical references and index.
650 0 _aRacism
_zUnited States
_xHistory.
_95998
650 0 _aRacism in anthropology
_zUnited States
_xHistory.
_95999
650 0 _aPhysical anthropology
_zUnited States
_xHistory.
_96000
700 1 _aFields, Barbara Jeanne.
_96001
856 4 2 _3Contributor biographical information
_uhttp://www.loc.gov/catdir/enhancements/fy1312/2012454634-b.html
856 4 2 _3Publisher description
_uhttp://www.loc.gov/catdir/enhancements/fy1312/2012454634-d.html
906 _a7
_bcbc
_ccopycat
_d2
_encip
_f20
_gy-gencatlg
942 _2lcc
_cMONOGRAPH
999 _c119364
_d119364